| 000 | 00631nam a22002057a 4500 | ||
|---|---|---|---|
| 005 | 20251108171957.0 | ||
| 008 | 250721s1993 xx 000 0 ara d | ||
| 082 | 1 | 4 | _a956.08/موس |
| 100 | 1 | _aموسى، سليمان | |
| 245 | 1 | 0 | _aالحسين بن علي و الثورة العربية الكبرى / |
| 250 | _aط2. | ||
| 264 | 1 |
_aعمان : _bلجنة تاريخ الأردن، _c1993. |
|
| 300 | _a318ص. | ||
| 490 | 0 |
_aسلسلة كتب المطالعة _v4 |
|
| 650 | 1 | 7 | _aتاريخ |
| 650 | 1 | 7 | _aالعرب |
| 650 | 1 | 7 | _aالثورة العربية الكبرى 1916-1918 |
| 942 |
_2ddc _cBK |
||
| 999 |
_c67409 _d67409 |
||